{"text_format":"3","workbook":"xlsx","n_sheets":1,"sheets":["t619"],"read":"whole","date_system":"1900"}

{"sheet":"t619","index":0,"n_rows":167,"n_cols":7,"rows_kept":167,"merged":[[0,0,0,6],[28,0,28,5],[40,0,40,5],[147,0,147,5]]}
["TABELA 619.1 - Estatísticas Agrícolas, Município de Uru, Estado de São Paulo, 2016/17."]
["ITEM","UNIDADE","N.DE UPAs","MÍNIMO","MÉDIO","MÁXIMO","TOTAL"]
["Distância à sede do município","km",161,0.1,{"v":7.18,"d":"7.2"},{"v":50,"d":"50.0"},"-"]
["Área total","hectare",161,2.4,{"v":77.13,"d":"77.1"},741.3,{"v":12418.32,"d":"12,418.3"}]
["Área com cultura perene","hectare",21,0.6,{"v":53.78,"d":"53.8"},716.9,{"v":1129.3,"d":"1,129.3"}]
["Área com cultura temporária","hectare",89,0.1,{"v":58.18,"d":"58.2"},544.6,{"v":5178,"d":"5,178.0"}]
["Área com pastagem","hectare",131,{"v":1,"d":"1.0"},{"v":34.93,"d":"34.9"},406.9,{"v":4575.6,"d":"4,575.6"}]
["Área com reflorestamento","hectare",39,0.3,{"v":5.59,"d":"5.6"},{"v":33,"d":"33.0"},218.1]
["Área com vegetação natural","hectare",67,0.1,{"v":5.53,"d":"5.5"},{"v":37,"d":"37.0"},370.8]
["Área com vegetação de brejo e várzea","hectare",50,0.2,4.4,{"v":25,"d":"25.0"},{"v":220,"d":"220.0"}]
["Área em descanso","hectare",4,{"v":4,"d":"4.0"},{"v":47.13,"d":"47.1"},{"v":118,"d":"118.0"},188.5]
["Área complementar","hectare",126,0.1,{"v":4.27,"d":"4.3"},{"v":65,"d":"65.0"},{"v":538.02,"d":"538.0"}]
["Área das UPAs com (0, 1] ha","hectare","-","-","-","-","-"]
["Área das UPAs com (1, 2] ha","hectare","-","-","-","-","-"]
["Área das UPAs com (2, 5] ha","hectare",21,2.4,{"v":3.31,"d":"3.3"},4.8,69.5]
["Área das UPAs com (5, 10] ha","hectare",22,5.3,{"v":7.55,"d":"7.6"},9.8,{"v":166,"d":"166.0"}]
["Área das UPAs com (10, 20] ha","hectare",32,10.4,{"v":14.88,"d":"14.9"},{"v":20,"d":"20.0"},{"v":476,"d":"476.0"}]
["Área das UPAs com (20, 50] ha","hectare",36,20.3,{"v":33.29,"d":"33.3"},49.6,{"v":1198.6,"d":"1,198.6"}]
["Área das UPAs com (50, 100] ha","hectare",13,50.8,65.7,96.2,{"v":854.12,"d":"854.1"}]
["Área das UPAs com (100, 200] ha","hectare",20,100.7,{"v":137.78,"d":"137.8"},191.7,{"v":2755.6,"d":"2,755.6"}]
["Área das UPAs com (200, 500] ha","hectare",15,232.9,{"v":366.51,"d":"366.5"},491.4,{"v":5497.7,"d":"5,497.7"}]
["Área das UPAs com (500, 1.000] ha","hectare",2,659.5,700.4,741.3,{"v":1400.8,"d":"1,400.8"}]
["Área das UPAs com (1.000, 2.000] ha","hectare","-","-","-","-","-"]
["Área das UPAs com (2.000, 5.000] ha","hectare","-","-","-","-","-"]
["Área das UPAs com (5.000, 10.000] ha","hectare","-","-","-","-","-"]
["Área das UPAs acima de 10.000 ha","hectare","-","-","-","-","-"]
["Fonte: Secretaria de Agricultura e Abastecimento, CDRS/IEA, Projeto LUPA."]
[]
["TABELA 619.2 - Explorações Animais, Município de Uru, Estado de São Paulo, 2016/17."]
["ITEM","UNIDADE","N.DE UPAs","MÍNIMO","MÉDIO","MÁXIMO","TOTAL"]
["Asininos e muares","cabecas",6,{"v":1,"d":"1.0"},1.5,{"v":4,"d":"4.0"},{"v":9,"d":"9.0"}]
["Bovinocultura de corte","cabecas",52,{"v":7,"d":"7.0"},{"v":125.35,"d":"125.4"},{"v":1200,"d":"1,200.0"},{"v":6518,"d":"6,518.0"}]
["Bovinocultura leiteira","cabecas",17,{"v":4,"d":"4.0"},{"v":57,"d":"57.0"},{"v":300,"d":"300.0"},{"v":969,"d":"969.0"}]
["Bovinocultura mista","cabecas",22,{"v":4,"d":"4.0"},{"v":31.27,"d":"31.3"},{"v":106,"d":"106.0"},{"v":688,"d":"688.0"}]
["Bubalinocultura","cabecas",1,{"v":32,"d":"32.0"},{"v":32,"d":"32.0"},{"v":32,"d":"32.0"},{"v":32,"d":"32.0"}]
["Equinocultura","cabecas",42,{"v":1,"d":"1.0"},{"v":3.31,"d":"3.3"},{"v":10,"d":"10.0"},{"v":139,"d":"139.0"}]
["Ovinocultura","cabecas",6,{"v":7,"d":"7.0"},{"v":35.67,"d":"35.7"},{"v":70,"d":"70.0"},{"v":214,"d":"214.0"}]
["Suinocultura","cabecas",22,{"v":1,"d":"1.0"},{"v":8.27,"d":"8.3"},{"v":30,"d":"30.0"},{"v":182,"d":"182.0"}]
["Fonte: Secretaria de Agricultura e Abastecimento, CDRS/IEA, Projeto LUPA."]
[]
["TABELA 619.3 -  Máquinas, Implementos e Benfeitorias, Município de Uru, Estado de São Paulo, 2016/17."]
["ITEM","UNIDADE","N.DE UPAs","MÍNIMO","MÉDIO","MÁXIMO","TOTAL"]
["Arado comum (bacia, aiveca)","unidade",40,{"v":1,"d":"1.0"},{"v":1.13,"d":"1.1"},{"v":3,"d":"3.0"},{"v":45,"d":"45.0"}]
["Arado escarificador","unidade",1,{"v":2,"d":"2.0"},{"v":2,"d":"2.0"},{"v":2,"d":"2.0"},{"v":2,"d":"2.0"}]
["Arado subsolador","unidade",4,{"v":1,"d":"1.0"},{"v":1,"d":"1.0"},{"v":1,"d":"1.0"},{"v":4,"d":"4.0"}]
["Batedeira de cereais","unidade",3,{"v":1,"d":"1.0"},{"v":1,"d":"1.0"},{"v":1,"d":"1.0"},{"v":3,"d":"3.0"}]
["Carregadeira de cana","unidade",1,{"v":1,"d":"1.0"},{"v":1,"d":"1.0"},{"v":1,"d":"1.0"},{"v":1,"d":"1.0"}]
["Carreta de trator","unidade",40,{"v":1,"d":"1.0"},{"v":1.28,"d":"1.3"},{"v":3,"d":"3.0"},{"v":51,"d":"51.0"}]
["Colhedeira acoplada","unidade",2,{"v":1,"d":"1.0"},{"v":1,"d":"1.0"},{"v":1,"d":"1.0"},{"v":2,"d":"2.0"}]
["Colhedeira automotriz","unidade",2,{"v":1,"d":"1.0"},{"v":1,"d":"1.0"},{"v":1,"d":"1.0"},{"v":2,"d":"2.0"}]
["Computador","unidade",2,{"v":1,"d":"1.0"},{"v":1,"d":"1.0"},{"v":1,"d":"1.0"},{"v":2,"d":"2.0"}]
["Conj.irrigacao convencional","unidade",3,{"v":1,"d":"1.0"},{"v":1,"d":"1.0"},{"v":1,"d":"1.0"},{"v":3,"d":"3.0"}]
["Conj.irrigacao/gotejamento/microaspersao","unidade",14,{"v":1,"d":"1.0"},{"v":1.57,"d":"1.6"},{"v":3,"d":"3.0"},{"v":22,"d":"22.0"}]
["Desintegrador, picador, triturador","unidade",36,{"v":1,"d":"1.0"},{"v":1.14,"d":"1.1"},{"v":3,"d":"3.0"},{"v":41,"d":"41.0"}]
["Distribuidor de calcario","unidade",15,{"v":1,"d":"1.0"},1.2,{"v":3,"d":"3.0"},{"v":18,"d":"18.0"}]
["Embarcação","unidade",7,{"v":1,"d":"1.0"},{"v":1.29,"d":"1.3"},{"v":3,"d":"3.0"},{"v":9,"d":"9.0"}]
["Ensiladeira","unidade",17,{"v":1,"d":"1.0"},{"v":1.12,"d":"1.1"},{"v":2,"d":"2.0"},{"v":19,"d":"19.0"}]
["Grade aradora (tipo romi)","unidade",10,{"v":1,"d":"1.0"},1.1,{"v":2,"d":"2.0"},{"v":11,"d":"11.0"}]
["Grade niveladora","unidade",40,{"v":1,"d":"1.0"},{"v":1.13,"d":"1.1"},{"v":3,"d":"3.0"},{"v":45,"d":"45.0"}]
["Implementos para tracao animal","unidade",5,{"v":1,"d":"1.0"},1.4,{"v":2,"d":"2.0"},{"v":7,"d":"7.0"}]
["Misturador de racao","unidade",5,{"v":1,"d":"1.0"},1.4,{"v":2,"d":"2.0"},{"v":7,"d":"7.0"}]
["Mmicrotrator","unidade",4,{"v":1,"d":"1.0"},{"v":1,"d":"1.0"},{"v":1,"d":"1.0"},{"v":4,"d":"4.0"}]
["Ordenhadeira mecanica","unidade",9,{"v":1,"d":"1.0"},{"v":1.11,"d":"1.1"},{"v":2,"d":"2.0"},{"v":10,"d":"10.0"}]
["Pulverizador tratorizado","unidade",15,{"v":1,"d":"1.0"},{"v":1.33,"d":"1.3"},{"v":3,"d":"3.0"},{"v":20,"d":"20.0"}]
["Resfriador de leite, tanque expansao","unidade",5,{"v":1,"d":"1.0"},{"v":1,"d":"1.0"},{"v":1,"d":"1.0"},{"v":5,"d":"5.0"}]
["Roçadeira tratorizada","unidade",3,{"v":1,"d":"1.0"},{"v":1.33,"d":"1.3"},{"v":2,"d":"2.0"},{"v":4,"d":"4.0"}]
["Roçadora","unidade",30,{"v":1,"d":"1.0"},1.2,{"v":2,"d":"2.0"},{"v":36,"d":"36.0"}]
["Semeadeira/adubadeira para plantio convencional","unidade",9,{"v":1,"d":"1.0"},{"v":1,"d":"1.0"},{"v":1,"d":"1.0"},{"v":9,"d":"9.0"}]
["Semeadeira/plantadeira plantio direto","unidade",2,{"v":1,"d":"1.0"},{"v":1,"d":"1.0"},{"v":1,"d":"1.0"},{"v":2,"d":"2.0"}]
["Terraceador","unidade",1,{"v":1,"d":"1.0"},{"v":1,"d":"1.0"},{"v":1,"d":"1.0"},{"v":1,"d":"1.0"}]
["Trator de pneus  acima de 85 cv","unidade",9,{"v":1,"d":"1.0"},{"v":1.78,"d":"1.8"},{"v":5,"d":"5.0"},{"v":16,"d":"16.0"}]
["Trator de pneus até 65 cv","unidade",36,{"v":1,"d":"1.0"},{"v":1.03,"d":"1.0"},{"v":2,"d":"2.0"},{"v":37,"d":"37.0"}]
["Trator de pneus de 66 cv a 85 cv","unidade",14,{"v":1,"d":"1.0"},{"v":1.43,"d":"1.4"},{"v":3,"d":"3.0"},{"v":20,"d":"20.0"}]
["Acude/represa","unidade",50,{"v":1,"d":"1.0"},1.8,{"v":6,"d":"6.0"},{"v":90,"d":"90.0"}]
["Almoxarifado/oficina","unidade",2,{"v":1,"d":"1.0"},{"v":1,"d":"1.0"},{"v":1,"d":"1.0"},{"v":2,"d":"2.0"}]
["Armazem para graos ensacados","sacas",2]
["Balanca para bovinos","unidade",5,{"v":1,"d":"1.0"},{"v":1,"d":"1.0"},{"v":1,"d":"1.0"},{"v":5,"d":"5.0"}]
["Barracao para granja/avicultura","unidade",1,{"v":1,"d":"1.0"},{"v":1,"d":"1.0"},{"v":1,"d":"1.0"},{"v":1,"d":"1.0"}]
["Barracao/galpao/garagem","unidade",53,{"v":1,"d":"1.0"},{"v":1.45,"d":"1.5"},{"v":4,"d":"4.0"},{"v":77,"d":"77.0"}]
["Casa de moradia habitada","unidade",82,{"v":1,"d":"1.0"},{"v":1.38,"d":"1.4"},{"v":6,"d":"6.0"},{"v":113,"d":"113.0"}]
["Casa de moradia total","unidade",105,{"v":1,"d":"1.0"},{"v":1.82,"d":"1.8"},{"v":10,"d":"10.0"},{"v":191,"d":"191.0"}]
["Curral/mangueira","unidade",91,{"v":1,"d":"1.0"},1.1,{"v":3,"d":"3.0"},{"v":100,"d":"100.0"}]
["Deposito/tulha","unidade",76,{"v":1,"d":"1.0"},{"v":1.34,"d":"1.3"},{"v":4,"d":"4.0"},{"v":102,"d":"102.0"}]
["Estabulo","unidade",3,{"v":1,"d":"1.0"},{"v":1,"d":"1.0"},{"v":1,"d":"1.0"},{"v":3,"d":"3.0"}]
["Estufa/plasticultura","m2",13]
["Instalacoes para equinos","unidade",1,{"v":1,"d":"1.0"},{"v":1,"d":"1.0"},{"v":1,"d":"1.0"},{"v":1,"d":"1.0"}]
["Maquina de beneficio","unidade",1,{"v":1,"d":"1.0"},{"v":1,"d":"1.0"},{"v":1,"d":"1.0"},{"v":1,"d":"1.0"}]
["Packing house","unidade",1,{"v":1,"d":"1.0"},{"v":1,"d":"1.0"},{"v":1,"d":"1.0"},{"v":1,"d":"1.0"}]
["Pocilga","unidade",13,{"v":1,"d":"1.0"},{"v":1,"d":"1.0"},{"v":1,"d":"1.0"},{"v":13,"d":"13.0"}]
["Poco semi-artesiano","unidade",42,{"v":1,"d":"1.0"},{"v":1.14,"d":"1.1"},{"v":4,"d":"4.0"},{"v":48,"d":"48.0"}]
["Secador de graos","unidade",1,{"v":1,"d":"1.0"},{"v":1,"d":"1.0"},{"v":1,"d":"1.0"},{"v":1,"d":"1.0"}]
["Silo para silagem","ton",1]
["Terreiro","m2",47]
["Fonte: Secretaria de Agricultura e Abastecimento, CDRS/IEA, Projeto LUPA."]
[]
["TABELA 619.4 - Outras Estatísticas Agrícolas, Município de Uru, Estado de São Paulo, 2016/17."]
["ITEM","Número de UPAs",null,"Percentual"]
["Faz Parte de Associação de Produtores",54,null,{"v":33.54037267080745,"d":"33.5"}]
["Faz Parte de Cooperativa de Produtores",89,null,{"v":55.27950310559007,"d":"55.3"}]
["Faz Parte do Sindicato de Produtores",75,null,{"v":46.58385093167702,"d":"46.6"}]
["Não utiliza assistência técnica ",32,null,{"v":19.875776397515526,"d":"19.9"}]
["Utiliza somente assistência técnica governamental ",99,null,{"v":61.49068322981366,"d":"61.5"}]
["Utiliza somente assistência técnica privada ",3,null,{"v":1.8633540372670807,"d":"1.9"}]
["Utiliza assistência técnica tanto governamental quanto privada",27,null,{"v":16.770186335403725,"d":"16.8"}]
["Utiliza Crédito Rural",28,null,{"v":17.391304347826086,"d":"17.4"}]
["Utiliza Seguro Rural",3,null,{"v":1.8633540372670807,"d":"1.9"}]
["Utiliza Escrituração Agrícola",110,null,{"v":68.32298136645963,"d":"68.3"}]
["Acessa Internet p/ Fins na Agropecuária",30,null,{"v":18.633540372670808,"d":"18.6"}]
["Utiliza Computador nas Atividades Agropecuárias",26,null,{"v":16.149068322981368,"d":"16.1"}]
["Utiliza Energia Elétrica Para Uso na Atividade Agrícola",96,null,{"v":59.62732919254658,"d":"59.6"}]
["Utiliza Energia Alternativa","-",null,"-"]
["Realiza Análise de Solo, quando necessário",64,null,{"v":39.75155279503106,"d":"39.8"}]
["Realiza Calagem",64,null,{"v":39.75155279503106,"d":"39.8"}]
["Utiliza Práticas de Conservação de Solo, quando necessário",118,null,{"v":73.2919254658385,"d":"73.3"}]
["Faz Adubação Mineral, quando necessário",90,null,{"v":55.90062111801242,"d":"55.9"}]
["Faz Adubação Orgânica, quando necessário",35,null,{"v":21.73913043478261,"d":"21.7"}]
["Faz Adubação Verde, quando necessário",3,null,{"v":1.8633540372670807,"d":"1.9"}]
["Utiliza Manejo Integrado de Pragas (MIP)","-",null,"-"]
["Utiliza Hidroponia",1,null,{"v":0.6211180124223603,"d":"0.6"}]
["Utiliza Cultivo em Estufa",13,null,{"v":8.074534161490684,"d":"8.1"}]
["Utiliza Mudas Fiscalizadas",7,null,{"v":4.3478260869565215,"d":"4.3"}]
["Utiliza Semente Melhorada",11,null,{"v":6.832298136645963,"d":"6.8"}]
["Faz Confinamento de Bovinos",1,null,{"v":0.6211180124223603,"d":"0.6"}]
["Utiliza Pastejo Intensivo",2,null,{"v":1.2422360248447206,"d":"1.2"}]
["Faz Inseminação Artificial",4,null,{"v":2.4844720496894412,"d":"2.5"}]
["Faz Mineralização do Rebanho",77,null,{"v":47.826086956521735,"d":"47.8"}]
["Faz Vermifugação do Rebanho",77,null,{"v":47.826086956521735,"d":"47.8"}]
["Possui Parceiros /Arrendatários na Exploração Animal",35,null,{"v":21.73913043478261,"d":"21.7"}]
["Existência de trabalhadores c/ deficiência na UPA","-",null,"-"]
["Esporte e lazer",1,null,{"v":0.6211180124223603,"d":"0.6"}]
["Extração mineral","-",null,"-"]
["Hotel Fazenda, Pousada ou SPA","-",null,"-"]
["Pesque-pague","-",null,"-"]
["Restaurante ou Lanchonete",1,null,{"v":0.6211180124223603,"d":"0.6"}]
["Transformação artesanal","-",null,"-"]
["Turismo rural ou ecoturismo","-",null,"-"]
["Outras atividades econômicas rurais",1,null,{"v":0.6211180124223603,"d":"0.6"}]
["Agroindústria","-",null,"-"]
["Proprietário sem instrução ou com instrução incompleta",2,null,{"v":1.2422360248447206,"d":"1.2"}]
["Proprietário com antigo primário completo",18,null,{"v":11.180124223602483,"d":"11.2"}]
["Proprietário com 1° grau (ou antigo ginasial) completo",40,null,{"v":24.84472049689441,"d":"24.8"}]
["Proprietário com 2° grau (ou antigo colegial) completo",54,null,{"v":33.54037267080745,"d":"33.5"}]
["Proprietário com curso superior completo ",46,null,{"v":28.57142857142857,"d":"28.6"}]
["Pessoa Jurídica",1,null,{"v":0.6211180124223603,"d":"0.6"}]
["Proprietário residente na própria UPA ",38,null,{"v":23.60248447204969,"d":"23.6"}]
["Fonte: Secretaria de Agricultura e Abastecimento, CDRS/IEA, Projeto LUPA."]
[]
["TABELA 619.5 - Área Cultivada, Município de Uru, Estado de São Paulo, 2016/17."]
["CULTURA","N.DE UPAs","MÍNIMO","MÉDIO","MÁXIMO","TOTAL"]
["Cana-de-acucar finalidade industria",50,4.1,{"v":98.24,"d":"98.2"},544.6,{"v":4912.2,"d":"4,912.2"}]
["Braquiaria",126,{"v":1,"d":"1.0"},{"v":33.43,"d":"33.4"},{"v":391,"d":"391.0"},{"v":4211.9,"d":"4,211.9"}]
["Laranja Industria",3,61.6,{"v":322.83,"d":"322.8"},716.9,968.5]
["Gramas",33,0.3,{"v":8.21,"d":"8.2"},{"v":40,"d":"40.0"},270.8]
["Eucalipto",39,0.3,{"v":5.59,"d":"5.6"},{"v":33,"d":"33.0"},218.1]
["Seringueira",2,46.6,58.3,{"v":70,"d":"70.0"},116.6]
["Abobora (ou jerimum)",1,98.4,98.4,98.4,98.4]
["Coloniao",8,0.5,{"v":11.49,"d":"11.5"},{"v":42,"d":"42.0"},91.9]
["Melancia",2,8.5,{"v":29.25,"d":"29.3"},{"v":50,"d":"50.0"},58.5]
["Cana-de-acucar outras finalidades",30,0.1,{"v":1.92,"d":"1.9"},12.1,57.7]
["Cafe",18,0.6,{"v":2.28,"d":"2.3"},8.9,{"v":41,"d":"41.0"}]
["Milho safra",5,0.2,{"v":6.52,"d":"6.5"},15.7,32.6]
["Milho-silagem",3,{"v":5,"d":"5.0"},{"v":8.13,"d":"8.1"},12.1,24.4]
["Limao",1,3.2,3.2,3.2,3.2]
["Pimentao",11,0.1,{"v":0.19,"d":"0.2"},0.4,2.1]
["Capim-napier (ou capim-elefante)",1,{"v":1,"d":"1.0"},{"v":1,"d":"1.0"},{"v":1,"d":"1.0"},{"v":1,"d":"1.0"}]
["Pepino",2,0.2,{"v":0.25,"d":"0.3"},0.3,0.5]
["Fonte: Secretaria de Agricultura e Abastecimento, CDRS/IEA, Projeto LUPA."]